=LDR 00000nam 2200000 4500 =001 INLIS000000000012039 =005 20130612103603 =008 ***********************************Ind** =035 ##$$0010-061300000012039 =041 ##$$a Ind =082 ##$$a 574.524 8 =090 ##$$a 574.524 8, Tar d =100 ##$$a Taruningkeng, Rudy c =245 ##$$a Dinamika PoPulasi, kajian ekologi kuantitatif, Rudy, Trumingkeng =260 ##$$a 1994 $b Jakarta =300 ##$$a xvi, 284 hlm., 21 cm =650 ##$$a Populasi Ekologi =850 ##$$a NBPNMAT